=LDR 00000nam 2200000 4500 =001 INLIS000000000810441 =005 20260411100628 =035 ##$$a 0010-1225000079 =100 ##$$a Ainu Haris , Lc., M.Ag =245 1#$$a Khutbah jum'at pilihan setahun Jilid 2 =260 ##$$a Jakarta :$b Darul Haq,$c 2010 =300 ##$$a xxi, 626 hlm. : $b ill. ; $c 24 cm =020 ##$$a 978-979-1254-34-2 =041 ##$$a Indonesia =084 ##$$a 297.64 AIN k =007 ta =008 260411###########################0###### =082 ##$$a 297.64 =990 ##$$a 00000005145 =990 ##$$a 00000005146